Statistics for Characters from A Game of Thrones

Click here to take the quiz!

General Stats

  • This quiz has been taken 131 times
  • The average score is 64 of 116

Answer Stats

DescriptionCharacter% Correct
King of the Seven KingdomsKing Robert I Baratheon
98%
The SpiderLord Varys
98%
Second son of the head of House StarkBrandon Stark
95%
LittlefingerLord Petyr Baelish
95%
Lord of DragonstoneLord Stannis Baratheon
95%
Heir to the Seven KingdomsPrince Joffrey Baratheon
95%
Queen of the Seven KingdomsQueen Cersei Lannister
95%
The HoundSandor Clegane
95%
First daughter of the head of House StarkSansa Stark
95%
Second daughter of the head of House StarkArya Stark
94%
Head of House Stark of WinterfellLord Eddard Stark
94%
Second son of the kingPrince Tommen Baratheon
94%
Heir to WinterfellRobb Stark
94%
Grand MaesterGrand Maester Pycelle
93%
Lady of WinterfellLady Catelyn Tully
93%
The KingslayerSer Jaime Lannister
93%
Bastard son of the head of House StarkJon Snow
92%
Daughter of the kingPrincess Myrcella Baratheon
92%
Third son of the head of House StarkRickon Stark
92%
Lord of Storm's EndLord Renly Baratheon
91%
The ImpTyrion Lannister
91%
The Mountain that RidesSer Gregor Clegane
90%
Lady of the EyrieLady Lysa Tully
88%
Recently deceased head of House ArrynLord Jon Arryn
88%
Heir to PykeTheon Greyjoy
88%
First Ranger of the Night's WatchBenjen Stark
86%
Head of House Lannister of Casterly RockLord Tywin Lannister
86%
Exiled knight of House MormontSer Jorah Mormont
86%
Bastard son of the kingGendry
85%
Khal of the largest khalasar in the Dothraki SeaKhal Drogo
84%
Head of House Arryn of the EyrieLord Robert Arryn
83%
Head of House Bolton of the DreadfortLord Roose Bolton
83%
Head of House Frey of the CrossingLord Walder Frey
83%
Daughter of the Mad KingPrincess Daenerys Targaryen
83%
The Old BearLord Commander Jeor Mormont
82%
Second son of the Mad KingPrince Viserys Targaryen
82%
Lord Commander of the KingsguardSer Barristan Selmy
81%
Heir to RiverrunSer Edmure Tully
81%
Squire to the ImpPodrick Payne
80%
The Knight of FlowersSer Loras Tyrell
79%
Sellsword hired by the ImpBronn
77%
The Mad King, slain by the KingslayerKing Aerys II Targaryen
77%
Squire to the kingLancel Lannister
77%
Heir to the Mad King, slain on the TridentPrince Rhaegar Targaryen
77%
Maester at WinterfellMaester Luwin
76%
Brother of the head of House LannisterSer Kevan Lannister
76%
Head of House Tully of RiverrunLord Hoster Tully
73%
The BlackfishSer Brynden Tully
73%
Maester at Castle BlackMaester Aemon Targaryen
72%
Head of House Dondarrion of BlackhavenLord Beric Dondarrion
71%
Commander of the City Watch of King's LandingJanos Slynt
70%
Recruit of the Night's Watch from House TarlySamwell Tarly
70%
The King's JusticeSer Ilyn Payne
70%
Stableboy at WinterfellHodor
68%
Master-at-arms at Castle BlackSer Alliser Thorne
67%
Master-at-arms at WinterfellSer Rodrik Cassel
67%
Captain of the guard at WinterfellJory Cassel
66%
Head of House Karstark of KarholdLord Rickard Karstark
66%
Oldest woman at WinterfellOld Nan
66%
The Imp's concubineShae
66%
Myrish red priest of R'hllorThoros of Myr
65%
Recruit of the Night's WatchPypar
62%
Recruit of the Night's WatchGrenn
61%
Knight of the KingsguardSer Meryn Trant
61%
Septa at WinterfellSepta Mordane
59%
Servant to the KhaleesiDoreah
57%
Servant to the KhaleesiIrri
55%
Wilding womanOsha
55%
Braavosi master swordsmanSyrio Forel
55%
The GreatjonLord Jon Umber
51%
Head of House Royce of RunestoneLord Yohn Royce
48%
Ranger of the Night's Watch, slain by wightsWill
45%
Daughter of the steward of WinterfellJeyne Poole
43%
Pentoshi magisterMagister Illyrio Mopatis
42%
Senior "wandering crow" of the Night's WatchYoren
41%
Ranger of the Night's Watch, slain by wightsSer Waymar Royce
34%
Head of House Mormont of Bear IslandLady Maege Mormont
33%
Bodyguard to the KhaleesiRakharo
33%
Massive clansman of the Stone CrowsShagga son of Dolf
33%
Squire to the deceased head of House ArrynSer Hugh
31%
Head of House Manderly of White HarborLord Wyman Manderly
29%
Lhazreen maegiMirri Maz Duur
29%
Servant to the KhaleesiJhiqui
28%
Servant of House Royce and bastard daughter of the kingMya Stone
28%
Glover Brothers of Deepwood MotteGalbart and Robett Glover
27%
Captain of the guard at the EyrieSer Vardis Egen
27%
Ranger of the Night's Watch, executed for desertingGared
23%
Heir to the TwinsSer Stevron Frey
23%
Bloodrider to the KhalQotho
19%
Steward of WinterfellVayon Poole
19%
Bodyguard to the KhaleesiAggo
17%
Head of House Mallister of SeagardLord Jason Mallister
12%
Bodyguard to the KhaleesiJhogo
11%
Wandering singerMarillion
11%
Knight of House MarbrandSer Addam Marbrand
11%
Second son of the head of House ManderlySer Wendel Manderly
11%
One-eyed red hand of the Burned MenTimett son of Timett
11%
Guard at WinterfellTomard
11%
Clan chief of the Black EarsChella daughter of Cheyk
10%
High Steward of the ValeLord Nestor Royce
10%
Heir to White HarborSer Wylis Manderly
10%
Smith at Castle BlackDonal Noye
9%
Head of House Blackwood of Raventree HallLord Tytos Blackwood
9%
Knight of House SwyftSer Harys Swyft
9%
Head of House Bracken of Stone HedgeLord Jonos Bracken
8%
Head of House Lefford of the Golden ToothLord Leo Lefford
8%
Knight of House PiperSer Marq Piper
8%
Exiled prince from the Summer IslesJalabhar Xho
7%
Knight of House BraxSer Flement Brax
6%
Head of House Tallhart of Torrhen's SquareSer Helman Tallhart
6%
Ranger of the Night's Watch and knight of House RykkerSer Jaremy Rykker
6%
Knight of House VanceSer Karyl Vance
6%
Guard at WinterfellHallis Mollen
4%
Bloodrider to the KhalCohollo
3%
Bloodrider to the KhalHaggo
3%
Head of House Darry of DarrySer Raymun Darry
3%

Score Distribution

Percentile by Number Answered

Percent of People with Each Score

Your Score History

You have not taken this quiz